000 01076nam a2200277 a 4500
001 000006823
003 DO-SdBNP
005 20250421110729.0
008 090903s1991 dr a 001 0 spa d
040 _aDO-SdBNP
_bspa
_cBNPHU
082 _a333.31
_bR621r
100 1 _aRivera, Marcos A.
_918965
245 1 3 _aLa reforma agraria, la iglesia católica, las Fuerzas Armadas y los campesinos /
_cMarcos A. Rivera.
260 _aSanto Domingo :
_bAmigo del Hogar,
_c1991.
300 _a226 p. :
_bil ;
_c22 cm.
500 _aIncluye datos biográficos del autor en la contracubierta.
504 _aBibliografía: p.223-224.
590 _aInventariado, 2018/MFF
650 4 _aReforma agraria
_zRepública Dominicana
_96977
650 4 _aTenencia de la tierra
_zRepública Dominicana
_96976
650 4 _aPolítica agraria
_zRepública Dominicana
_918966
650 7 _aIglesia y estado en República Dominicana
_9425
_2LEMB
651 4 _aRepública Dominicana
_xFuerzas Armadas
_xActividades políticas
_918967
910 _aValidado. Control de calidad EMS
942 _2ddc
_cLBS1
999 _c6611
_d6611